[Event "20th EUR-ch"]
[Site "Skopje MKD"]
[Date "2019.03.18"]
[Round "1"]
[White "Alexandrov, Alexei"]
[Black "Maltsevskaya, Aleksandra"]
[Result "1-0"]
[WhiteElo "2574"]
[BlackElo "2252"]
[EventDate "2019.03.18"]
[Board "90"]
[PlyCount "107"]

1.d4 Nf6 2.c4 c5 3.d5 b5 4.cxb5 a6 5.bxa6 e6 6.dxe6 fxe6 7.Bf4 Nc6 8.e3 
Nd5 9.Bg3 Qf6 10.Qc1 Be7 11.Nf3 O-O 12.Nbd2 Qg6 13.a3 h5 14.Qb1 Qh6 15.h4 
Rxa6 16.Be2 Ra4 17.Ng5 Ba6 18.Qc2 Bxe2 19.Qxa4 Bd3 20.Qb3 Qg6 21.Rc1 Ba6 
22.Ndf3 Ra8 23.Qd1 c4 24.O-O c3 25.bxc3 Bxf1 26.Kxf1 Bxa3 27.Ra1 Ra7 28.e4
Nb6 29.Bd6 Bxd6 30.Rxa7 Nxa7 31.Qxd6 Nac8 32.Qc7 Qe8 33.Ne5 d6 34.Nc6 d5 
35.Nd4 dxe4 36.Ndxe6 Qe7 37.Qxe7 Nxe7 38.Nxe4 Kf7 39.Nf4 g6 40.Ke2 Nc6 41.
Kd3 Kg7 42.g3 Kf7 43.Ng5+ Kf6 44.Nf3 Na5 45.Nd2 Kf5 46.Ne4 Nb3 47.Nd6+ Kf6
48.Nb7 g5 49.hxg5+ Kxg5 50.Kc2 Na1+ 51.Kb2 Na4+ 52.Kxa1 Nxc3 53.f3 Nb5 54.
Nc5 1-0

[Event "20th EUR-ch"]
[Site "Skopje MKD"]
[Date "2019.03.18"]
[Round "1"]
[White "Gueci, Tea"]
[Black "Rozum, Ivan"]
[Result "1/2-1/2"]
[WhiteElo "2252"]
[BlackElo "2573"]
[EventDate "2019.03.18"]
[Board "91"]
[PlyCount "64"]

1.e4 d5 2.exd5 Qxd5 3.Nc3 Qd6 4.d4 Nf6 5.Nf3 c6 6.g3 Bf5 7.Bg2 e6 8.O-O h6
9.Re1 Be7 10.a3 O-O 11.Qe2 Na6 12.Bf4 Qd8 13.Rad1 Qb6 14.b4 Nc7 15.Ne5 
Ncd5 16.Nxd5 cxd5 17.c4 Qa6 18.c5 Qxa3 19.Qb5 Rfb8 20.Nd7 a6 21.Nxf6+ Bxf6
22.Qd7 Qxb4 23.Bxb8 Rxb8 24.Bxd5 Bc2 25.Qc7 Rd8 26.Qxb7 Qxb7 27.Bxb7 Bxd1 
28.Rxd1 a5 29.Rc1 Rd7 30.c6 Rc7 31.Ra1 Bxd4 32.Rxa5 Kf8 1/2-1/2

[Event "20th EUR-ch"]
[Site "Skopje MKD"]
[Date "2019.03.18"]
[Round "1"]
[White "Djukic, Nikola"]
[Black "Csiki, Endre"]
[Result "1/2-1/2"]
[WhiteElo "2572"]
[BlackElo "2251"]
[EventDate "2019.03.18"]
[Board "92"]
[PlyCount "99"]

1.e4 c5 2.Nf3 e6 3.d4 cxd4 4.Nxd4 Nc6 5.Nc3 a6 6.Be2 Qc7 7.O-O Bc5 8.Nb3 
Be7 9.f4 b5 10.Bf3 Bb7 11.Be3 d6 12.a4 b4 13.Ne2 Na5 14.Nbd4 Nf6 15.Qd3 
Rc8 16.b3 Nd7 17.Bd2 Qb6 18.Kh1 Bf6 19.Rad1 g6 20.c3 Nc5 21.Qb1 bxc3 22.
Bxc3 Nd7 23.e5 Bxf3 24.Nxf3 dxe5 25.fxe5 Be7 26.b4 Nc4 27.Ng3 Qb7 28.Qd3 
Ndb6 29.a5 Nd5 30.Rc1 O-O 31.Qe4 Qb5 32.Nd4 Nxc3 33.Rxc3 Qxb4 34.Rfc1 Bg5 
35.Nc6 Rxc6 36.Qxc6 Bxc1 37.Rxc1 Rd8 38.Qxa6 Qc3 39.Rg1 Nxa5 40.Qb6 Rd5 
41.Rf1 Qc5 42.Qb8+ Kg7 43.Qe8 Qf8 44.Qa4 Rxe5 45.Qf4 f6 46.Ne4 g5 47.Qxe5 
fxe5 48.Rxf8 Kxf8 49.Nxg5 h6 50.Nxe6+ 1/2-1/2

[Event "20th EUR-ch"]
[Site "Skopje MKD"]
[Date "2019.03.18"]
[Round "1"]
[White "Doncevic, Dario"]
[Black "Buhmann, Rainer"]
[Result "0-1"]
[WhiteElo "2249"]
[BlackElo "2568"]
[EventDate "2019.03.18"]
[Board "93"]
[PlyCount "78"]

1.e4 e5 2.Nf3 Nc6 3.d4 exd4 4.Nxd4 Bc5 5.Nb3 Bb6 6.Nc3 Nge7 7.g3 d6 8.Bg2 
Be6 9.Nd5 Ne5 10.Nxb6 axb6 11.Nd4 Bg4 12.f3 Bd7 13.f4 N5c6 14.b3 O-O 15.
O-O Re8 16.Bb2 Qc8 17.Re1 Ng6 18.Qd2 Re7 19.a4 Nxd4 20.Qxd4 f6 21.Re3 Bc6 
22.h4 Qg4 23.Rf1 Rae8 24.Kh2 Qh5 25.Bf3 Qc5 26.Qxc5 bxc5 27.h5 Nf8 28.Rfe1
h6 29.Kg2 c4 30.e5 fxe5 31.Bxc6 bxc6 32.fxe5 cxb3 33.cxb3 Nd7 34.g4 dxe5 
35.Rc3 Re6 36.Rc4 Nf6 37.Rc5 e4 38.Kg3 Nd5 39.Re2 Rb8 0-1

[Event "20th EUR-ch"]
[Site "Skopje MKD"]
[Date "2019.03.18"]
[Round "1"]
[White "Meskovs, Nikita"]
[Black "Emanuel, Yahav"]
[Result "1-0"]
[WhiteElo "2568"]
[BlackElo "2245"]
[EventDate "2019.03.18"]
[Board "94"]
[PlyCount "153"]

1.c4 Nf6 2.Nf3 e6 3.d4 d5 4.g3 dxc4 5.Bg2 Nc6 6.Qa4 Bb4+ 7.Bd2 Nd5 8.Bxb4 
Nxb4 9.Ne5 O-O 10.Nxc6 Nxc6 11.Bxc6 bxc6 12.Qxc4 Rb8 13.Nc3 Rxb2 14.Na4 
Rb5 15.O-O Qd6 16.Nc5 a5 17.Ne4 Qd5 18.Qxd5 exd5 19.Nc5 Rb2 20.e3 Bf5 21.
Rfc1 Bc2 22.a4 Rfb8 23.Kf1 R8b4 24.Ke1 h5 25.h4 Kf8 26.Ra3 Ke7 27.Rc3 Bf5 
28.Ra3 Kd6 29.Kf1 Bh3+ 30.Kg1 Bf5 31.Kf1 g6 32.Ke1 Bc2 33.Rc3 Bf5 34.Ra3 
Rb6 35.Kf1 Bg4 36.Kg2 Bf5 37.Kf1 f6 38.Kg2 R6b4 39.Rca1 Bb1 40.Rc3 Rb6 41.
Rc1 Bc2 42.Ra3 Bf5 43.Rca1 Bb1 44.Rc3 Bc2 45.Rc1 Bf5 46.Ra3 Rd2 47.Rf1 
Rbb2 48.Rb3 Ra2 49.Rb8 Ke7 50.Rb7 Kd8 51.Rb8+ Ke7 52.Rb7 Bd3 53.Nxd3 Rxd3 
54.Rxc7+ Kd6 55.Rg7 Rxe3 56.Rxg6 Re6 57.g4 Rxa4 58.Rd1 hxg4 59.h5 f5 60.
Re1 Rxg6 61.hxg6 Rb4 62.Kg3 a4 63.Re8 Rb7 64.Kf4 a3 65.Kxf5 Ra7 66.Re6+ 
Kc7 67.g7 Ra8 68.Re1 c5 69.dxc5 Kc6 70.Ra1 Kxc5 71.Rxa3 Rg8 72.Kf6 Kd4 73.
Ra4+ Kc3 74.Rxg4 d4 75.Kf7 Rxg7+ 76.Kxg7 d3 77.f4 1-0

[Event "20th EUR-ch"]
[Site "Skopje MKD"]
[Date "2019.03.18"]
[Round "1"]
[White "Jarvenpaa, Jari"]
[Black "Moroni, Luca jr"]
[Result "0-1"]
[WhiteElo "2243"]
[BlackElo "2564"]
[EventDate "2019.03.18"]
[Board "95"]
[PlyCount "52"]

1.d4 d5 2.c4 e6 3.g3 dxc4 4.Bg2 a6 5.Nf3 Nc6 6.O-O Rb8 7.e3 b5 8.b3 cxb3 
9.axb3 Bb7 10.Ne1 Bd6 11.Nd3 Nge7 12.Ba3 a5 13.Nc5 Ba8 14.Nd2 e5 15.Nde4 
exd4 16.exd4 O-O 17.Bb2 Bxc5 18.Nxc5 Qd6 19.Qd2 Rfd8 20.Ne4 Qg6 21.Qf4 Nd5
22.Qh4 a4 23.Nc5 Nce7 24.Be4 Nf5 25.Qh3 Nf4 26.Qxf5 Qxf5 0-1

[Event "20th EUR-ch"]
[Site "Skopje MKD"]
[Date "2019.03.18"]
[Round "1"]
[White "Petrosian, Manuel"]
[Black "Zlatin, Alexander"]
[Result "1/2-1/2"]
[WhiteElo "2564"]
[BlackElo "2243"]
[EventDate "2019.03.18"]
[Board "96"]
[PlyCount "134"]

1.Nf3 Nf6 2.c4 e6 3.Nc3 d5 4.d4 Be7 5.Bf4 O-O 6.e3 b6 7.Bd3 Bb7 8.cxd5 
exd5 9.O-O c5 10.Ne5 Nc6 11.Rc1 Nxe5 12.dxe5 Ne4 13.Nxe4 dxe4 14.Bc4 Qxd1 
15.Rfxd1 Rfd8 16.e6 fxe6 17.Bxe6+ Kf8 18.Bd7 Kf7 19.Bc7 Rh8 20.Bg3 Rad8 
21.h4 h5 22.b3 Bc8 23.Bxc8 Rxd1+ 24.Rxd1 Rxc8 25.Rd7 Ke6 26.Rb7 Rc6 27.
Rxa7 b5 28.a4 bxa4 29.Rxa4 Kf5 30.Ra7 Bf6 31.Ra5 Kg4 32.Ra4 Kf5 33.Rc4 Be7
34.b4 Rb6 35.bxc5 Rc6 36.f3 exf3 37.gxf3 Rxc5 38.e4+ Ke6 39.Ra4 Rc6 40.Ra2
g6 41.Kg2 Bf6 42.Kh3 Rb6 43.Bf4 Bd4 44.Ra4 Bc5 45.Ra5 Bd4 46.Rg5 Rb3 47.
Kg3 Kf7 48.Rd5 Bc3 49.Bd2 Bf6 50.Bg5 Bc3 51.Rd7+ Ke6 52.Re7+ Kd6 53.Re8 
Be1+ 54.Kg2 Rb2+ 55.Kh3 Rb6 56.Rg8 Ke5 57.f4+ Kd4 58.Rd8+ Ke3 59.f5+ Kf2 
60.fxg6 Rxg6 61.Rf8+ Ke2 62.Rf6 Rg8 63.e5 Bc3 64.Rc6 Bd4 65.e6 Rf8 66.Rc2+
Kf1 67.Rc1+ Ke2 1/2-1/2

[Event "20th EUR-ch"]
[Site "Skopje MKD"]
[Date "2019.03.18"]
[Round "1"]
[White "Ingebretsen, Jens E"]
[Black "Santos Ruiz, Miguel"]
[Result "1/2-1/2"]
[WhiteElo "2243"]
[BlackElo "2560"]
[EventDate "2019.03.18"]
[Board "97"]
[PlyCount "46"]

1.c4 Nf6 2.Nc3 e5 3.Nf3 Nc6 4.g3 Bb4 5.Nd5 Bc5 6.Bg2 O-O 7.O-O Nxd5 8.cxd5
Nd4 9.Nxd4 exd4 10.a3 a5 11.b3 d6 12.e3 Re8 13.Bb2 Bf5 14.b4 Bb6 15.Qb3 
axb4 16.axb4 dxe3 17.dxe3 Qg5 18.Qc4 Qg6 19.Rfd1 Bc2 20.Rxa8 Rxa8 21.Ra1 
Rxa1+ 22.Bxa1 Bd3 23.Qh4 h6 1/2-1/2

[Event "20th EUR-ch"]
[Site "Skopje MKD"]
[Date "2019.03.18"]
[Round "1"]
[White "Alonso Rosell, Alvar"]
[Black "Dinev, Dejan"]
[Result "1-0"]
[WhiteElo "2559"]
[BlackElo "2239"]
[EventDate "2019.03.18"]
[Board "98"]
[PlyCount "85"]

1.Nf3 Nf6 2.c4 d6 3.d4 c6 4.Nc3 Qc7 5.e4 e5 6.Be2 Be7 7.O-O O-O 8.Re1 Nbd7
9.Bf1 Re8 10.h3 a5 11.Be3 Nf8 12.d5 N6d7 13.a3 Ng6 14.b4 Bf8 15.Nd2 c5 16.
bxc5 Nxc5 17.Na4 b6 18.Rb1 Ra6 19.Nxc5 bxc5 20.Be2 f5 21.exf5 Bxf5 22.Rb2 
Rb6 23.Rxb6 Qxb6 24.Bg4 Bd3 25.Be6+ Kh8 26.Nf3 Rxe6 27.dxe6 Bxc4 28.Ng5 
Be7 29.Nxh7 Kg8 30.Qc2 Kxh7 31.Qxc4 Qc6 32.Qg4 Nh4 33.f4 Qe4 34.Bf2 Qf5 
35.Bxh4 Qxg4 36.hxg4 Bxh4 37.g3 Be7 38.Rb1 Kg6 39.Rb7 Kf6 40.f5 d5 41.g5+ 
Kxf5 42.Rxe7 c4 43.g4+ 1-0

[Event "20th EUR-ch"]
[Site "Skopje MKD"]
[Date "2019.03.18"]
[Round "1"]
[White "Heinemann, Josefine"]
[Black "Lomasov, Semyon"]
[Result "0-1"]
[WhiteElo "2238"]
[BlackElo "2559"]
[EventDate "2019.03.18"]
[Board "99"]
[PlyCount "82"]

1.e4 e6 2.d4 d5 3.Nd2 h6 4.Ngf3 Nf6 5.e5 Nfd7 6.c4 dxc4 7.Nxc4 Nb6 8.Ne3 
Bd7 9.Bd3 Bc6 10.O-O Be7 11.Qe2 N8d7 12.Rd1 Nf8 13.b3 Ng6 14.Bxg6 fxg6 15.
Ne1 O-O 16.Qg4 Kh7 17.Bb2 Nd5 18.Nd3 Nxe3 19.fxe3 Qd5 20.Re1 h5 21.Qe2 Qe4
22.a4 Rf5 23.Rf1 Bg5 24.Rxf5 Bxe3+ 25.Kh1 exf5 26.Nc5 Qd5 27.Ne6 Rc8 28.b4
Bh6 29.Nc5 b6 30.Nd3 Be3 31.b5 Bb7 32.Rd1 f4 33.Ne1 c6 34.Bc1 Bxc1 35.Rxc1
cxb5 36.Rxc8 Bxc8 37.axb5 Qxd4 38.e6 Qe3 39.Qxe3 fxe3 40.e7 Bd7 41.Kg1 Kg8
0-1

[Event "20th EUR-ch"]
[Site "Skopje MKD"]
[Date "2019.03.18"]
[Round "1"]
[White "Martinovic, Sasa"]
[Black "Di Benedetto, Desiree"]
[Result "1-0"]
[WhiteElo "2558"]
[BlackElo "2236"]
[EventDate "2019.03.18"]
[Board "100"]
[PlyCount "75"]

1.d4 d5 2.c4 e6 3.Nc3 Nf6 4.cxd5 exd5 5.Bg5 c6 6.e3 h6 7.Bh4 Be7 8.Bd3 
Nbd7 9.Nge2 Nh5 10.Bxe7 Qxe7 11.Qd2 Nb6 12.f3 Bd7 13.O-O O-O 14.Rae1 Qg5 
15.Nc1 Rae8 16.g4 Nc4 17.Bxc4 dxc4 18.h4 Qg6 19.Qg2 Nf6 20.e4 Nh7 21.N1e2 
Bc8 22.Qg3 Rd8 23.Rf2 Rfe8 24.Rg2 f6 25.Nd1 Qf7 26.Ne3 b5 27.Kh1 Kh8 28.
Reg1 b4 29.Nf5 Bxf5 30.gxf5 Re7 31.Qe1 a5 32.Rxg7 Qxg7 33.Rxg7 Rxg7 34.Qc1
Rdg8 35.Qxc4 Rg2 36.Nf4 Rg1+ 37.Kh2 Nf8 38.Qxc6 1-0

[Event "20th EUR-ch"]
[Site "Skopje MKD"]
[Date "2019.03.18"]
[Round "1"]
[White "Sukovic, Andrej"]
[Black "Arutinian, David"]
[Result "0-1"]
[WhiteElo "2235"]
[BlackElo "2555"]
[EventDate "2019.03.18"]
[Board "101"]
[PlyCount "42"]

1.e4 g6 2.d4 Bg7 3.Nc3 d6 4.f4 a6 5.Nf3 b5 6.Bd3 Nd7 7.e5 c5 8.O-O cxd4 9.
Ne4 Nh6 10.a4 b4 11.Neg5 O-O 12.e6 Nc5 13.f5 gxf5 14.Nxh7 fxe6 15.Nxf8 
Qxf8 16.Bc4 Ne4 17.Nxd4 Qf6 18.Nf3 Bb7 19.Be3 Ng4 20.Bd4 Qh6 21.Bxg7 Qe3+ 
0-1

[Event "20th EUR-ch"]
[Site "Skopje MKD"]
[Date "2019.03.18"]
[Round "1"]
[White "Milikow, Elie"]
[Black "Tsydypov, Zhamsaran"]
[Result "0-1"]
[WhiteElo "2226"]
[BlackElo "2551"]
[EventDate "2019.03.18"]
[Board "103"]
[PlyCount "110"]

1.e4 c5 2.Nf3 d6 3.d4 cxd4 4.Nxd4 Nf6 5.Nc3 a6 6.Be2 e6 7.O-O Qc7 8.f4 Nc6
9.Nb3 b5 10.a3 Be7 11.Be3 Bb7 12.Bf3 O-O 13.Qe2 Nd7 14.Qf2 Rab8 15.Rad1 
Ba8 16.Rd2 Nb6 17.Bxb6 Rxb6 18.Rfd1 b4 19.Na4 Rbb8 20.e5 Rfd8 21.exd6 Bxd6
22.Nac5 Bxc5 23.Qxc5 Rxd2 24.Rxd2 bxa3 25.bxa3 h6 26.Qd6 Qc8 27.Qd7 g5 28.
fxg5 Qxd7 29.Rxd7 Ne5 30.Ra7 Bxf3 31.gxf3 Nxf3+ 32.Kf2 Nxg5 33.Rxa6 Rc8 
34.Nd4 Rc4 35.Ke3 Rc3+ 36.Kf4 Rh3 37.c4 Kg7 38.c5 Kf6 39.Ne2 h5 40.Ng3 
Rxh2 41.Ke3 Rh3 42.Kf2 h4 43.Nh5+ Ke5 44.c6 Ne4+ 45.Kg2 Rc3 46.Ra5+ Kd6 
47.Ra6 h3+ 48.Kh2 Ng5 49.Ra5 Rc2+ 50.Kg1 h2+ 51.Kh1 Nf3 52.Ng3 Rc1+ 53.Kg2
Rg1+ 54.Kf2 Rxg3 55.Rh5 Rg1 0-1

[Event "20th EUR-ch"]
[Site "Skopje MKD"]
[Date "2019.03.18"]
[Round "1"]
[White "Kadric, Denis"]
[Black "Martinov, Levko"]
[Result "1-0"]
[WhiteElo "2547"]
[BlackElo "2225"]
[EventDate "2019.03.18"]
[Board "104"]
[PlyCount "81"]

1.e4 e6 2.d4 d5 3.Nd2 dxe4 4.Nxe4 Bd7 5.Nf3 Bc6 6.Neg5 Nd7 7.Bc4 Bd5 8.
Nxf7 Kxf7 9.Ng5+ Qxg5 10.Bxg5 Bxc4 11.b3 Bb4+ 12.Bd2 Bxd2+ 13.Qxd2 Bd5 14.
O-O Ngf6 15.c4 Bc6 16.Rfe1 Rhe8 17.Re2 b5 18.Rae1 bxc4 19.bxc4 Nb6 20.Qb4 
Rad8 21.Qc5 Rd6 22.Re3 Red8 23.f3 Re8 24.Ra3 Re7 25.Rxa7 Nbd7 26.Qb4 Rxd4 
27.Qc3 e5 28.Rxc7 Rd6 29.f4 e4 30.c5 Nd5 31.cxd6 Nxc3 32.Rxc6 Re6 33.Rxc3 
Rxd6 34.Rxe4 Nf6 35.Re2 Ng4 36.Rc1 h5 37.Ra1 h4 38.a4 Nf6 39.a5 Ra6 40.Rb2
Nd5 41.Rb5 1-0

[Event "20th EUR-ch"]
[Site "Skopje MKD"]
[Date "2019.03.18"]
[Round "1"]
[White "Tadic, Stefan"]
[Black "Sychev, Klementy"]
[Result "0-1"]
[WhiteElo "2223"]
[BlackElo "2545"]
[EventDate "2019.03.18"]
[Board "105"]
[PlyCount "62"]

1.e4 c5 2.Nc3 e6 3.Nf3 a6 4.d4 cxd4 5.Nxd4 Qc7 6.g3 Bb4 7.Ne2 Nf6 8.Bg2 
Be7 9.O-O O-O 10.h3 d6 11.Be3 Nc6 12.f4 b5 13.a3 Bb7 14.g4 Nd7 15.Kh1 b4 
16.axb4 Nxb4 17.f5 Rfe8 18.g5 exf5 19.Rxf5 Ne5 20.Rf2 Qd8 21.Qc1 d5 22.
exd5 Nxd5 23.Nxd5 Bxd5 24.Nf4 Bxg2+ 25.Rxg2 Nc4 26.Nd3 Qd7 27.Nf2 Bb4 28.
Rg3 Qd5+ 29.Kh2 Nxe3 30.Rxe3 Bd6+ 31.Rg3 Qf3 0-1

[Event "20th EUR-ch"]
[Site "Skopje MKD"]
[Date "2019.03.18"]
[Round "1"]
[White "Kulaots, Kaido"]
[Black "Sahin, Ozgun"]
[Result "1-0"]
[WhiteElo "2544"]
[BlackElo "2221"]
[EventDate "2019.03.18"]
[Board "106"]
[PlyCount "57"]

1.e4 c5 2.Nf3 g6 3.d4 cxd4 4.Nxd4 Nc6 5.c4 Nf6 6.Nc3 Nxd4 7.Qxd4 d6 8.Be3 
Bg7 9.Be2 O-O 10.Qd2 Qa5 11.f3 Be6 12.Rc1 Rfc8 13.b3 a6 14.Na4 Qxd2+ 15.
Kxd2 Nd7 16.g4 f5 17.exf5 gxf5 18.h3 Rf8 19.f4 Rad8 20.g5 Bf7 21.h4 e5 22.
h5 d5 23.cxd5 Bxd5 24.Rhd1 b5 25.Ke1 exf4 26.Bxf4 Ne5 27.Nc3 Nf3+ 28.Kf2 
Bd4+ 29.Kg3 1-0

[Event "20th EUR-ch"]
[Site "Skopje MKD"]
[Date "2019.03.18"]
[Round "1"]
[White "Polatel, Ali"]
[Black "Grigoriants, Sergey"]
[Result "1/2-1/2"]
[WhiteElo "2220"]
[BlackElo "2543"]
[EventDate "2019.03.18"]
[Board "107"]
[PlyCount "50"]

1.Nf3 Nf6 2.g3 b5 3.Bg2 Bb7 4.O-O e6 5.d3 Be7 6.e4 c5 7.e5 Nd5 8.c4 Nc7 9.
Nc3 b4 10.Ne4 Bxe4 11.dxe4 Nc6 12.h4 O-O 13.Bf4 Ne8 14.Qa4 Qb6 15.Rfd1 Rd8
16.a3 f6 17.h5 fxe5 18.Nxe5 Nxe5 19.Bxe5 Nf6 20.axb4 cxb4 21.Bd4 Bc5 22.
Bxc5 Qxc5 23.Qb5 Nxe4 24.Qxc5 Nxc5 25.Rxa7 Rc8 1/2-1/2

[Event "20th EUR-ch"]
[Site "Skopje MKD"]
[Date "2019.03.18"]
[Round "1"]
[White "Zhigalko, Andrei"]
[Black "Tifferet, Shaked"]
[Result "1-0"]
[WhiteElo "2541"]
[BlackElo "2219"]
[EventDate "2019.03.18"]
[Board "108"]
[PlyCount "217"]

1.e4 e5 2.Nf3 Nc6 3.Bb5 a6 4.Ba4 Nf6 5.O-O Nxe4 6.d4 b5 7.Bb3 d5 8.dxe5 
Be6 9.c3 Be7 10.Re1 O-O 11.Nbd2 Nc5 12.Nd4 Nxd4 13.cxd4 Nxb3 14.Nxb3 a5 
15.Be3 a4 16.Nc1 Qd7 17.Nd3 Rfd8 18.Rc1 Rac8 19.Nc5 Bxc5 20.Rxc5 Bf5 21.h3
Bg6 22.Qg4 Qxg4 23.hxg4 Bd3 24.b3 Rd7 25.g5 Rb8 26.Rd1 Bf5 27.Rdc1 axb3 
28.axb3 b4 29.Rxc7 Rxc7 30.Rxc7 Bb1 31.Bf4 g6 32.e6 fxe6 33.Rc1 Rf8 34.Bd6
Rd8 35.Bxb4 Rb8 36.Bd6 Rxb3 37.Rc8+ Kf7 38.Rc7+ Ke8 39.Re7+ Kd8 40.Rxh7 
Rc3 41.Kh2 Bf5 42.Bf4 Rd3 43.Be5 Rc3 44.Ra7 Rb3 45.Bf4 Rd3 46.Be3 Be4 47.
Ra1 Kd7 48.Re1 Rb3 49.Kg3 Rb2 50.Ra1 Rb3 51.Re1 Rb2 52.Bf4 Rb3+ 53.f3 Bd3 
54.Rd1 Bc4 55.Rh1 Rb2 56.Rg1 Bd3 57.Bc1 Re2 58.Kf4 Bc4 59.Be3 Bd3 60.g3 
Bc2 61.Ra1 Bd3 62.Ra3 Bb5 63.Ke5 Ke7 64.Ra7+ Bd7 65.Kf4 Re1 66.Bd2 Re2 67.
Bb4+ Ke8 68.Ra8+ Kf7 69.Ra7 Ke8 70.Rb7 Ba4 71.Bd6 Bd1 72.Rb1 Bc2 73.Rh1 
Kf7 74.Ba3 Bd3 75.Bc1 Bc2 76.Be3 Bd3 77.Rd1 Bc2 78.Rc1 Bd3 79.Rc3 Bb5 80.
Ke5 Ke7 81.Ra3 Bd7 82.g4 Bc8 83.Ra7+ Bd7 84.Kf4 Kd8 85.Bc1 Bb5 86.Ba3 Bc4 
87.Be7+ Ke8 88.Bb4 Kd8 89.Ba3 Bd3 90.Bc1 Bc2 91.Be3 Bd3 92.Ra3 Bb5 93.Ke5 
Ke7 94.f4 Bd7 95.f5 exf5 96.gxf5 Bxf5 97.Kxd5 Rb2 98.Ke5 Rb7 99.d5 Rb5 
100.Ra7+ Bd7 101.Bd4 Rb1 102.Bc5+ Ke8 103.Kd6 Bf5 104.Re7+ Kd8 105.Kc6 Bd3
106.Rg7 Bb5+ 107.Kd6 Be8 108.Bd4 Rb3 109.Rg8 1-0

[Event "20th EUR-ch"]
[Site "Skopje MKD"]
[Date "2019.03.18"]
[Round "1"]
[White "Stoinev, Metodi"]
[Black "Christiansen, Johan-Sebastian"]
[Result "0-1"]
[WhiteElo "2215"]
[BlackElo "2539"]
[EventDate "2019.03.18"]
[Board "109"]
[PlyCount "53"]

1.e4 e6 2.d4 d5 3.Nd2 Be7 4.c3 c5 5.dxc5 Nf6 6.exd5 Nxd5 7.Nb3 O-O 8.Nf3 
Nd7 9.Bd3 a5 10.a4 Qc7 11.O-O Nxc5 12.Nxc5 Qxc5 13.Qe2 Rd8 14.Ne5 Nf6 15.
Kh1 b6 16.f4 Bb7 17.Be3 Qc7 18.Rad1 Bc5 19.Bxc5 bxc5 20.Rd2 Rab8 21.Rfd1 
Nd5 22.Qf2 f6 23.Ng4 Nxf4 24.Bf1 Rxd2 25.Rxd2 Nd5 26.Kg1 Rd8 27.g3 0-1

[Event "20th EUR-ch"]
[Site "Skopje MKD"]
[Date "2019.03.18"]
[Round "1"]
[White "Stupak, Kirill"]
[Black "Uzumcu, Ahmet Utku"]
[Result "1-0"]
[WhiteElo "2537"]
[BlackElo "2211"]
[EventDate "2019.03.18"]
[Board "110"]
[PlyCount "71"]

1.d4 d5 2.Nf3 Nf6 3.c4 c6 4.Nc3 dxc4 5.a4 Bf5 6.Ne5 Nbd7 7.Nxc4 Nb6 8.Ne5 
a5 9.f3 e6 10.e4 Bg6 11.Bg5 Be7 12.h4 Nh5 13.Bxe7 Qxe7 14.Qb3 Qb4 15.Qxb4 
axb4 16.Ne2 f5 17.g4 fxg4 18.Nxg6 hxg6 19.fxg4 Nf6 20.Nf4 Nxg4 21.b3 O-O 
22.Nxe6 Rfe8 23.Ng5 Nf6 24.Bd3 Rad8 25.O-O-O Rxd4 26.a5 Nbd7 27.Bc4+ Rxc4+
28.bxc4 c5 29.Rd6 Ne5 30.Rhd1 Kf8 31.Ne6+ Ke7 32.Nxg7 Ra8 33.Re6+ Kf7 34.
Rxe5 Kxg7 35.Rd6 Rf8 36.Ree6 1-0

[Event "20th EUR-ch"]
[Site "Skopje MKD"]
[Date "2019.03.18"]
[Round "1"]
[White "Van Dael, Siem"]
[Black "Shevchenko, Kirill"]
[Result "1/2-1/2"]
[WhiteElo "2207"]
[BlackElo "2535"]
[EventDate "2019.03.18"]
[Board "111"]
[PlyCount "110"]

1.e4 e5 2.Nf3 Nc6 3.Bc4 Bc5 4.c3 Nf6 5.d3 d6 6.a4 a6 7.O-O Ba7 8.Nbd2 h6 
9.Re1 g5 10.h3 g4 11.hxg4 Nxg4 12.Re2 Qf6 13.Nf1 Rg8 14.Rc2 Bd7 15.b4 h5 
16.Be3 Nxe3 17.Nxe3 Ne7 18.b5 a5 19.d4 O-O-O 20.Kf1 Bg4 21.Be2 Qg6 22.Qd3 
Kb8 23.Nh4 Qg5 24.Bxg4 hxg4 25.g3 exd4 26.cxd4 d5 27.e5 f6 28.Rac1 Bb6 29.
Nef5 fxe5 30.dxe5 Rgf8 31.Nd4 Qxe5 32.Re1 Qxd4 33.Qxd4 Bxd4 34.Rxe7 Bb6 
35.Ng6 Rfe8 36.Rxe8 Rxe8 37.Nf4 Re4 38.Ra2 c6 39.Rc2 Bc7 40.bxc6 Bxf4 41.
gxf4 Rxf4 42.cxb7 Rxa4 43.Rc5 Ra1+ 44.Kg2 d4 45.Rd5 Ra4 46.Kg3 Kxb7 47.
Kxg4 Kc6 48.Rd8 Rb4 49.Kf4 a4 50.Ke4 Kc5 51.f4 a3 52.f5 Rb2 53.Rd5+ Kb6 
54.Rxd4 a2 55.Ra4 Kc5 1/2-1/2

[Event "20th EUR-ch"]
[Site "Skopje MKD"]
[Date "2019.03.18"]
[Round "1"]
[White "Gazik, Viktor"]
[Black "Eric, Jovana"]
[Result "1-0"]
[WhiteElo "2535"]
[BlackElo "2205"]
[EventDate "2019.03.18"]
[Board "112"]
[PlyCount "75"]

1.e4 e6 2.d4 d5 3.Nc3 Bb4 4.Ne2 dxe4 5.a3 Be7 6.Nxe4 Nf6 7.N2g3 O-O 8.c3 
Nbd7 9.Bd3 Nxe4 10.Nxe4 f5 11.Ng3 c5 12.Qb3 Kh8 13.O-O cxd4 14.cxd4 Nb6 
15.Ne2 Nd5 16.Re1 Bd6 17.Bc4 Qc7 18.Bxd5 exd5 19.g3 Be6 20.Bf4 Bf7 21.Rac1
Qd7 22.Bxd6 Qxd6 23.Qxb7 Rab8 24.Qxa7 Rxb2 25.Rc7 Qf6 26.Nf4 Bg8 27.Ree7 
Qb6 28.Rxg7 Qxa7 29.Rxa7 Rc8 30.Rgc7 Re8 31.Rc6 Rf8 32.Rh6 Rf7 33.Ra8 Kg7 
34.Rh5 Rb1+ 35.Kg2 h6 36.Ne6+ Kh8 37.Rxh6+ Rh7 38.Rg6 1-0

[Event "20th EUR-ch"]
[Site "Skopje MKD"]
[Date "2019.03.18"]
[Round "1"]
[White "Gunduz, Umut Erdem"]
[Black "Dimitrov, Radoslav"]
[Result "1-0"]
[WhiteElo "2205"]
[BlackElo "2533"]
[EventDate "2019.03.18"]
[Board "113"]
[PlyCount "97"]

1.e4 Nc6 2.Nf3 e5 3.Bb5 g6 4.c3 Bg7 5.d4 exd4 6.cxd4 a6 7.Ba4 b5 8.Bc2 
Nge7 9.O-O O-O 10.d5 Na5 11.Bd2 Bxb2 12.Bxa5 Bxa1 13.Nc3 Bb2 14.d6 Nc6 15.
Bxc7 Qf6 16.Nd5 Qg7 17.e5 Nxe5 18.Ne7+ Kh8 19.Nxe5 Bxe5 20.Be4 Ra7 21.Bb6 
Bb7 22.Bxa7 Bxe4 23.Re1 f5 24.f3 Rf6 25.Bc5 Qh6 26.g3 Qh3 27.fxe4 f4 28.
Qd5 Qe6 29.Qxe6 Rxe6 30.gxf4 Bxf4 31.e5 Kg7 32.Nd5 Bxe5 33.Rxe5 Rxe5 34.
Bd4 Kf7 35.Bxe5 Ke6 36.Nc7+ Kxe5 37.Nxa6 Kxd6 38.Kf2 Kd5 39.Ke3 Kc4 40.Nb8
d6 41.Nc6 g5 42.Ke4 d5+ 43.Kf5 Kc3 44.Kxg5 d4 45.Kf4 d3 46.Ke3 Kb2 47.Kxd3
Kxa2 48.Nd4 b4 49.Kc4 1-0

[Event "20th EUR-ch"]
[Site "Skopje MKD"]
[Date "2019.03.18"]
[Round "1"]
[White "Kelires, Andreas"]
[Black "Schnabel, Ralf"]
[Result "1-0"]
[WhiteElo "2529"]
[BlackElo "2205"]
[EventDate "2019.03.18"]
[Board "114"]
[PlyCount "109"]

1.d4 Nf6 2.Nf3 g6 3.Bg5 Bg7 4.Nbd2 d5 5.e3 O-O 6.Be2 Nbd7 7.O-O Re8 8.c4 
c6 9.Qc2 h6 10.Bh4 e5 11.cxd5 cxd5 12.dxe5 Nxe5 13.Nxe5 Rxe5 14.Nf3 Re8 
15.Nd4 Qb6 16.Rfd1 Bd7 17.Bxf6 Bxf6 18.Bf3 Bc6 19.Rd2 Rad8 20.g3 Rd6 21.
Rad1 Red8 22.b3 h5 23.h4 Bd7 24.Qd3 a6 25.Qf1 Qa5 26.Qg2 Bg4 27.Ne2 Bxf3 
28.Qxf3 Be5 29.a4 Kg7 30.Nc1 Qc3 31.Rd3 Qc5 32.Qe2 b5 33.R3d2 Bf6 34.Nd3 
Qc3 35.axb5 axb5 36.Rc2 Qa5 37.b4 Qb6 38.Rdc1 Re8 39.Qf3 Re4 40.Nf4 Rxb4 
41.Nxd5 Qb7 42.e4 Rc4 43.Rxc4 bxc4 44.Rxc4 Qb2 45.Kg2 Re6 46.Qd3 Be5 47.
Rb4 Qa2 48.Rb7 Qa8 49.Qb5 Qc8 50.Qb3 Bd4 51.Nf4 Rf6 52.Qd5 Ba1 53.Ra7 Qc3 
54.Qg5 Kh7 55.Rxf7+ 1-0

[Event "20th EUR-ch"]
[Site "Skopje MKD"]
[Date "2019.03.18"]
[Round "1"]
[White "Milikow, Yoav"]
[Black "Beliavsky, Alexander"]
[Result "1-0"]
[WhiteElo "2200"]
[BlackElo "2526"]
[EventDate "2019.03.18"]
[Board "115"]
[PlyCount "91"]

1.d4 Nf6 2.c4 e6 3.Nc3 Bb4 4.e3 O-O 5.Ne2 Re8 6.a3 Bf8 7.Ng3 d5 8.cxd5 
exd5 9.b4 c6 10.Bd3 b5 11.O-O a5 12.bxa5 Rxa5 13.Bb2 Nbd7 14.e4 dxe4 15.
Ngxe4 Nb6 16.Nxf6+ Qxf6 17.Ne4 Qh4 18.Qe1 Na4 19.Qxa5 Nxb2 20.Rae1 Re6 21.
Bb1 Rh6 22.Qc7 Nc4 23.Qg3 Qd8 24.Qb8 Qh4 25.f3 Be6 26.Qg3 Qd8 27.f4 Nxa3 
28.f5 Bc4 29.Bd3 Qxd4+ 30.Nf2 Qd8 31.Bxc4 Nxc4 32.Ng4 Rd6 33.f6 g6 34.Qf4 
Rd7 35.Nh6+ Kh8 36.Re7 Rxe7 37.fxe7 Qxe7 38.Nxf7+ Kg8 39.Qb8 Kg7 40.Ng5 
Qe3+ 41.Kh1 Be7 42.Nf7 Bf8 43.Ne5 Qa3 44.Qc7+ Kh8 45.Nxc4 bxc4 46.Qe5+ 1-0

[Event "20th EUR-ch"]
[Site "Skopje MKD"]
[Date "2019.03.18"]
[Round "1"]
[White "Lobanov, Sergei"]
[Black "Ongut, Tamas Gunes"]
[Result "1-0"]
[WhiteElo "2526"]
[BlackElo "2197"]
[EventDate "2019.03.18"]
[Board "116"]
[PlyCount "59"]

1.e4 e5 2.Nf3 Nc6 3.Bc4 Bc5 4.c3 Nf6 5.d3 O-O 6.O-O d5 7.exd5 Nxd5 8.Re1 
Bg4 9.h3 Bh5 10.Nbd2 Kh8 11.Ne4 Be7 12.Ng3 Bg6 13.Nxe5 Nxe5 14.Rxe5 Nb6 
15.Bb3 Bd6 16.Re3 f5 17.Re1 Qh4 18.Nf1 f4 19.Nd2 Rae8 20.Rxe8 Rxe8 21.Nf3 
Qh5 22.d4 Be4 23.Bd2 Bd3 24.Ne5 Rxe5 25.dxe5 Qxe5 26.Qe1 Be2 27.f3 h5 28.
Bd1 Bd3 29.Qxe5 Bxe5 30.Bb3 1-0

[Event "20th EUR-ch"]
[Site "Skopje MKD"]
[Date "2019.03.18"]
[Round "1"]
[White "Karaoglan, Doruk"]
[Black "Thybo, Jesper Sondergaard"]
[Result "0-1"]
[WhiteElo "2197"]
[BlackElo "2525"]
[EventDate "2019.03.18"]
[Board "117"]
[PlyCount "83"]

1.e4 e5 2.Nc3 Nf6 3.Bc4 Nc6 4.d3 Na5 5.Bb3 Nxb3 6.axb3 d6 7.f4 g6 8.Nf3 
Bg7 9.fxe5 dxe5 10.Nxe5 Nxe4 11.Nxe4 Bxe5 12.Ra5 Bg7 13.Bg5 Qd4 14.Ra4 Qb6
15.Qf3 f5 16.Be3 Qc6 17.O-O O-O 18.Ng5 Bd7 19.Rc4 Qxf3 20.Nxf3 Rfc8 21.Bd4
Bf8 22.Bf6 c5 23.Ne5 Bb5 24.Rh4 Re8 25.Nf3 Re2 26.Rf2 Rae8 27.Bc3 h6 28.
Rf4 Bc6 29.Kf1 R2e6 30.g4 Re3 31.Ng1 Bd6 32.gxf5 Bxf4 33.Rxf4 g5 34.Rf2 
Bd7 35.f6 Kf8 36.Re2 Bg4 37.Rxe3 Rxe3 38.d4 b6 39.dxc5 bxc5 40.b4 cxb4 41.
Bxb4+ Ke8 42.Be7 0-1